[Event "Biel Rapid op 58th"]
[Site "Biel"]
[Date "2025.07.13"]
[Round "2"]
[White "Bai, Xue"]
[Black "Gillieron, Kevin"]
[Result "1-0"]
[WhiteElo "2124"]
[BlackElo "1643"]
[PlyCount "69"]
[EventDate "2025.07.13"]
[EventType "swiss (rapid)"]
[EventRounds "9"]
[EventCountry "SUI"]
[SourceTitle "CB29_2025"]
[SourceDate "2025.07.16"]
[SourceVersion "1"]
[SourceVersionDate "2025.07.16"]
[SourceQuality "1"]

1. e4 c6 2. d4 d5 3. Nc3 dxe4 4. Nxe4 Nf6 5. Nxf6+ exf6 6. Bc4 Bd6 7. Be3 0-0 8. Ne2 Re8 9. Qd2 Bf5 10. h3 b5 11. Bd3 Bxd3 12. Qxd3 Nd7 13. a4 a6 14. axb5 axb5 15. 0-0 Nf8 16. g3 Qd7 17. Kg2 Ng6 18. b3 h5 19. c4 bxc4 20. bxc4 h4 21. g4 Bc7 22. f4 Nf8 23. Kf3 Bb6 24. Rfb1 Rxa1 25. Rxa1 Qb7 26. Rb1 Qc7 27. Nc3 Rd8 28. Qe4 Ne6 29. Rd1 Re8 30. Kf2 Rb8 31. Ne2 Ba5 32. d5 cxd5 33. cxd5 Nc5 34. Qc4 Rb4 35. Qxc5 1-0

[Event "Biel Rapid op 58th"]
[Site "Biel"]
[Date "2025.07.13"]
[Round "9"]
[White "Gruenfeld, Yehuda"]
[Black "Bai, Xue"]
[Result "1/2-1/2"]
[WhiteElo "2367"]
[BlackElo "2124"]
[PlyCount "131"]
[EventDate "2025.07.13"]
[EventType "swiss (rapid)"]
[EventRounds "9"]
[EventCountry "SUI"]
[SourceTitle "CB29_2025"]
[SourceDate "2025.07.16"]
[SourceVersion "1"]
[SourceVersionDate "2025.07.16"]
[SourceQuality "1"]

1. e4 e5 2. Nf3 Nc6 3. Bb5 a6 4. Ba4 Nf6 5. d3 b5 6. Bb3 Be7 7. 0-0 d6 8. c3 Na5 9. Bc2 c5 10. Re1 Nc6 11. Nbd2 0-0 12. Nf1 h6 13. Ng3 Nh7 14. h3 Ng5 15. Nh2 d5 16. Qe2 d4 17. Nf5 Bxf5 18. exf5 Qd7 19. h4 Nh7 20. Qg4 Nf6 21. Qf3 c4 22. Ng4 Nxg4 23. Qxg4 Kh8 24. Qe4 f6 25. dxc4 Bc5 26. cxb5 axb5 27. Bb3 Rad8 28. Be6 Qd6 29. Rd1 Rfe8 30. a4 b4 31. cxb4 Nxb4 32. Bd2 Re7 33. Rac1 Rc7 34. a5 Rb8 35. Rc4 Na6 36. Bc1 Bb4 37. b3 Bxa5 38. Qd5 Qxd5 39. Bxd5 Nb4 40. Rxc7 Bxc7 41. Bc4 Ra8 42. Bd2 Bd6 43. Rc1 e4 44. Bxb4 Bxb4 45. Bd5 Re8 46. Rc4 Bc3 47. Kf1 Bb2 48. Ke1 e3 49. fxe3 Rxe3+ 50. Kf2 Re8 51. Be6 g5 52. h5 Rd8 53. Ke2 d3+ 54. Kd2 Be5 55. Rc8 Bf4+ 56. Kd1 Rxc8 57. Bxc8 Kg7 58. Ba6 d2 59. g3 Bxg3 60. Kxd2 Bf4+ 61. Kd3 Kf7 62. Ke4 Ke7 63. Kd5 g4 64. Bf1 Kd7 65. b4 Kc7 66. Ke4 1/2-1/2

[Event "CHN Nat Games qual tt 15th"]
[Site "Huairou District"]
[Date "2025.06.12"]
[Round "4.4"]
[White "Li, Ruofan"]
[Black "Bai, Xue"]
[Result "0-1"]
[WhiteElo "2316"]
[BlackElo "2138"]
[PlyCount "110"]
[EventDate "2025.06.11"]
[EventType "team-swiss (rapid)"]
[EventRounds "7"]
[EventCountry "CHN"]
[SourceTitle "CB25_2025"]
[SourceDate "2025.06.18"]
[SourceVersion "1"]
[SourceVersionDate "2025.06.18"]
[SourceQuality "1"]
[WhiteTeam "Beijing City"]
[BlackTeam "Zhejiang Province"]
[WhiteTeamCountry "CHN"]
[BlackTeamCountry "CHN"]

1. d4 Nf6 2. c4 e6 3. Nc3 d5 4. Bg5 Be7 5. e3 0-0 6. Nf3 Nbd7 7. Qc2 c6 8. Rc1 b6 9. Be2 Bb7 10. 0-0 Rc8 11. Rfd1 dxc4 12. Bxc4 Nd5 13. Bxe7 Qxe7 14. e4 Nxc3 15. Qxc3 Nf6 16. e5 Nd5 17. Bxd5 cxd5 18. Qb3 Ba6 19. Re1 Bc4 20. Qa4 a5 21. a3 Qa7 22. Qc2 Ba6 23. Qd2 Qd7 24. h3 h6 25. Nh2 Qb5 26. Ng4 Qd3 27. Qf4 Rc2 28. Rcd1 Qg6 29. Re3 Qf5 30. Qg3 Kh8 31. Rb3 Rc6 32. Rc3 Rxc3 33. Qxc3 Rc8 34. Qb3 Qc2 35. Qxc2 Rxc2 36. b4 axb4 37. axb4 Be2 38. Ra1 Bxg4 39. hxg4 Rb2 40. Ra4 b5 41. Ra7 Kg8 42. Rb7 Rxb4 43. f3 g5 44. Kf2 Kg7 45. Ke3 Rb3+ 46. Ke2 Kg6 47. g3 b4 48. Rb6 Rb1 49. Kf2 b3 50. Rb4 b2 51. Kg2 f6 52. Rb7 fxe5 53. dxe5 d4 54. Rb6 d3 55. Rxe6+ Kf7 0-1

[Event "CHN-chT (Women)"]
[Site "Hebei"]
[Date "2025.04.30"]
[Round "6.8"]
[White "Li, Junying"]
[Black "Bai, Xue"]
[Result "0-1"]
[WhiteElo "2096"]
[BlackElo "2100"]
[PlyCount "120"]
[EventDate "2025.04.25"]
[EventType "team-swiss"]
[EventRounds "9"]
[EventCountry "CHN"]
[SourceTitle "CB20_2025"]
[SourceDate "2025.05.14"]
[SourceVersion "1"]
[SourceVersionDate "2025.05.14"]
[SourceQuality "1"]
[WhiteTeam "Hebei (W)"]
[BlackTeam "Zhejiang (W)"]
[WhiteTeamCountry "CHN"]
[BlackTeamCountry "CHN"]

1. e4 e5 2. c4 Nc6 3. Nc3 Nf6 4. g3 Bc5 5. Bg2 d6 6. h3 a6 7. d3 Nd4 8. Nge2 Nxe2 9. Qxe2 c6 10. a3 b5 11. 0-0 Be6 12. Kh2 Nd7 13. f4 f6 14. Bd2 Bd4 15. Rac1 Nc5 16. b4 Nb3 17. Rc2 Nxd2 18. Qxd2 bxc4 19. Ne2 Bb6 20. dxc4 Qe7 21. c5 dxc5 22. fxe5 fxe5 23. bxc5 Bc7 24. Nc1 Bf7 25. Nd3 0-0 26. Qc3 a5 27. Nf2 Rab8 28. Ng4 Rb3 29. Qd2 Be6 30. Rxf8+ Qxf8 31. Qg5 Qd8 32. Nh6+ Kh8 33. Rf2 gxh6 34. Qxd8+ Bxd8 35. Rf8+ Bg8 36. Rxd8 Rc3 37. Rd6 Rxc5 38. Rxh6 Kg7 39. Rd6 Rc3 40. h4 h5 41. Bh3 Bf7 42. Bf5 c5 43. a4 Rc2+ 44. Kg1 c4 45. g4 hxg4 46. Bxg4 Bg6 47. Bf3 Ra2 48. h5 Bh7 49. h6+ Kf8 50. Rc6 Rxa4 51. Kf2 Rb4 52. Rc7 Kg8 53. Bg4 Bxe4 54. Be6+ Kh8 55. Bxc4 Rb6 56. Ke3 Rc6 57. Re7 Rxc4 58. Rxe5 a4 59. Rxe4 Rxe4+ 60. Kxe4 a3 0-1

[Event "China zt 3.5 (Women)"]
[Site "Jiangxi"]
[Date "2025.03.26"]
[Round "5"]
[White "Jiang, Tianyu"]
[Black "Bai, Xue"]
[Result "1-0"]
[WhiteElo "2102"]
[BlackElo "2064"]
[PlyCount "141"]
[EventDate "2025.03.22"]
[EventType "swiss"]
[EventRounds "9"]
[EventCountry "CHN"]
[SourceTitle "CB14_2025"]
[SourceDate "2024.11.01"]
[SourceVersion "1"]
[SourceVersionDate "2024.11.01"]
[SourceQuality "1"]

1. e4 c5 2. Nf3 Nc6 3. Bb5 g6 4. Bxc6 dxc6 5. d3 Bg7 6. h3 Nf6 7. Nc3 0-0 8. Be3 b6 9. 0-0 Ne8 10. a4 a5 11. Qd2 e5 12. Bh6 Qd6 13. Nh2 Be6 14. b3 Nc7 15. Rae1 f6 16. Bxg7 Kxg7 17. f4 Bd7 18. fxe5 Qxe5 19. Nf3 Qd6 20. Nd1 Ne6 21. Ne3 Nd4 22. Nc4 Qc7 23. Qc3 b5 24. Ne3 Qd6 25. Nh2 Rf7 26. Qd2 h5 27. Kh1 Qg3 28. Qc3 Qd6 29. Nf3 Be6 30. Qd2 Qg3 31. Ng1 Qd6 32. Ne2 g5 33. Nxd4 cxd4 34. Nf5+ Bxf5 35. Rxf5 Qg3 36. Ref1 bxa4 37. bxa4 Kg6 38. R1f3 Qh4 39. e5 Raf8 40. e6 Re7 41. Qe2 Kg7 42. Kh2 g4 43. Qe4 Kh8 44. Rg3 Rfe8 45. Qf4 Kg7 46. Rxh5 Qxh5 47. Rxg4+ Qxg4 48. Qxg4+ Kh6 49. Qh4+ Kg6 50. Qg4+ Kh6 51. Qxd4 Rxe6 52. Qc5 Rg8 53. Qc4 Rge8 54. Qf4+ Kg6 55. Qg4+ Kh6 56. Qf5 Kg7 57. Qxa5 R8e7 58. Qb6 f5 59. a5 Rg6 60. Qd4+ Kg8 61. a6 Rgg7 62. Qc4+ Kh7 63. Qxc6 Rc7 64. Qa4 Rce7 65. Qh4+ Kg8 66. Qf2 Ref7 67. c4 Rg6 68. Qc5 Kh7 69. Qd5 Ra7 70. Qxf5 Raxa6 71. d4 1-0

[Event "Rochefort op 23rd"]
[Site "Rochefort"]
[Date "2025.02.24"]
[Round "4"]
[White "Bai, Xue"]
[Black "Dgebuadze, Alexandre"]
[Result "0-1"]
[WhiteElo "2059"]
[BlackElo "2422"]
[PlyCount "62"]
[EventDate "2025.02.22"]
[EventType "swiss"]
[EventRounds "9"]
[EventCountry "FRA"]
[SourceTitle "CB10_2025"]
[SourceDate "2025.03.05"]
[SourceVersion "1"]
[SourceVersionDate "2025.03.05"]
[SourceQuality "1"]

1. e4 c5 2. Nf3 Nc6 3. d4 cxd4 4. Nxd4 Nf6 5. Nc3 d6 6. g3 g6 7. Bg2 Bd7 8. 0-0 Bg7 9. Nxc6 bxc6 10. Ne2 0-0 11. c4 Qc8 12. Qc2 Bh3 13. f3 Bxg2 14. Kxg2 d5 15. e5 Nd7 16. f4 e6 17. c5 f6 18. exf6 Nxf6 19. Be3 Ng4 20. Bg1 Rb8 21. Rab1 e5 22. h3 Nh6 23. fxe5 Bxe5 24. Rxf8+ Qxf8 25. b4 Nf5 26. Qd3 Qf7 27. Bf2 Rf8 28. Rf1 d4 29. Ng1 Qxa2 30. Ne2 Qf7 31. Ng1 Bxg3 0-1

[Event "Shenzhen (Women)"]
[Site "Shenzhen"]
[Date "2024.11.21"]
[Round "1.1"]
[White "Bai, Xue"]
[Black "Song, Yuxin"]
[Result "0-1"]
[WhiteElo "2070"]
[BlackElo "2384"]
[PlyCount "100"]
[EventDate "2024.11.21"]
[EventType "k.o."]
[EventRounds "4"]
[EventCountry "CHN"]
[SourceTitle "CB49_2024"]
[SourceDate "2024.12.04"]
[SourceVersion "1"]
[SourceVersionDate "2024.12.04"]
[SourceQuality "1"]

1. e4 c5 2. Nf3 d6 3. d4 cxd4 4. Nxd4 Nf6 5. Nc3 a6 6. h3 g6 7. g4 Nc6 8. Be3 Nxd4 9. Bxd4 Bh6 10. Bg2 e5 11. Be3 Bxe3 12. fxe3 Be6 13. Qd3 Rc8 14. Nd5 Bxd5 15. exd5 0-0 16. 0-0-0 Qa5 17. Kb1 Qb5 18. Qxb5 axb5 19. c3 h5 20. gxh5 Nxh5 21. Bf3 Nf6 22. h4 Kg7 23. a3 Rh8 24. e4 Rh6 25. Rh2 Rch8 26. Rdh1 Kf8 27. Ka2 g5 28. h5 g4 29. Be2 Rg8 30. Rg1 Ke7 31. Rh4 Nxe4 32. Rhxg4 Rxg4 33. Bxg4 Nf6 34. Bf3 Rh7 35. Rg5 Nd7 36. Kb3 Kf6 37. Rg8 e4 38. Be2 Ke5 39. Re8+ Kxd5 40. Re7 Ne5 41. Rxb7 Kc6 42. Rxb5 f5 43. Rb8 f4 44. a4 f3 45. Bb5+ Kc7 46. Rf8 e3 47. Kc2 Rxh5 48. a5 Rh2+ 49. Kc1 Rh1+ 50. Kc2 e2 0-1

[Event "CHN-ch Rapid (Women)"]
[Site "Hohhot"]
[Date "2024.11.13"]
[Round "9"]
[White "Bai, Xue"]
[Black "Hu, Yu A"]
[Result "1/2-1/2"]
[WhiteElo "2005"]
[BlackElo "2106"]
[PlyCount "71"]
[EventDate "2024.11.12"]
[EventType "swiss (rapid)"]
[EventRounds "9"]
[EventCountry "CHN"]
[SourceTitle "CB49_2024"]
[SourceDate "2024.12.04"]
[SourceVersion "1"]
[SourceVersionDate "2024.12.04"]
[SourceQuality "1"]

1. e4 c5 2. Nf3 d6 3. d4 cxd4 4. Nxd4 Nf6 5. Nc3 Nc6 6. Bc4 Bd7 7. Be3 g6 8. f3 Bg7 9. Qd2 0-0 10. 0-0-0 Rb8 11. h4 Na5 12. Bb3 b5 13. Kb1 Nc4 14. Bxc4 bxc4 15. Nd5 Nxd5 16. exd5 Qb6 17. c3 Qa5 18. h5 Qxd5 19. hxg6 fxg6 20. Bh6 Qf7 21. Bxg7 Qxg7 22. Qe2 Qf7 23. Rhe1 e5 24. Nc2 Rb6 25. Ne3 Be6 26. Rd2 d5 27. Ka1 Re8 28. Red1 d4 29. cxd4 exd4 30. Rxd4 c3 31. bxc3 Bxa2 32. Qxa2 Qxa2+ 33. Kxa2 Rxe3 34. R1d3 Re2+ 35. Rd2 Re3 36. R2d3 1/2-1/2

[Event "CHN-ch Rapid (Women)"]
[Site "Hohhot"]
[Date "2024.11.13"]
[Round "8"]
[White "Yan, Tianqi"]
[Black "Bai, Xue"]
[Result "1-0"]
[WhiteElo "2232"]
[BlackElo "2005"]
[PlyCount "113"]
[EventDate "2024.11.12"]
[EventType "swiss (rapid)"]
[EventRounds "9"]
[EventCountry "CHN"]
[SourceTitle "CB49_2024"]
[SourceDate "2024.12.04"]
[SourceVersion "1"]
[SourceVersionDate "2024.12.04"]
[SourceQuality "1"]

1. e4 e5 2. Nf3 Nc6 3. Bc4 Bc5 4. 0-0 Nf6 5. d3 d6 6. c3 0-0 7. Nbd2 a6 8. Bb3 h6 9. h3 Be6 10. Bc2 b5 11. Re1 Bb6 12. Nf1 Ne7 13. d4 Ng6 14. Ng3 c5 15. d5 Bd7 16. Be3 c4 17. Bd2 Qc7 18. Qc1 Kh7 19. a4 Bc5 20. b4 cxb3 21. Bxb3 Qb6 22. Rf1 Rfc8 23. Ne1 Qd8 24. Nd3 Bb6 25. Qa3 Qe7 26. Rfc1 Ra7 27. c4 Bd4 28. Rab1 bxc4 29. Rxc4 Rxc4 30. Bxc4 a5 31. Bb5 Nh4 32. Rc1 Bxb5 33. axb5 Nd7 34. Ne2 Bb6 35. Rc6 f5 36. Qxd6 Qxd6 37. Rxd6 fxe4 38. Nxe5 Bxf2+ 39. Kxf2 Nxe5 40. Ra6 Rf7+ 41. Kg1 Nhf3+ 42. gxf3 Nxf3+ 43. Kf2 Nxd2+ 44. Ke3 Nb3 45. Nd4 Nc5 46. Rc6 Nb7 47. b6 a4 48. Rc7 Kg8 49. Nb5 Kf8 50. Kxe4 Re7+ 51. Kd4 a3 52. Nxa3 Ke8 53. Nc4 Rxc7 54. bxc7 Kd7 55. d6 Nxd6 56. Nxd6 Kxc7 57. Ne8+ 1-0

[Event "CHN-ch Rapid (Women)"]
[Site "Hohhot"]
[Date "2024.11.12"]
[Round "2"]
[White "Bai, Xue"]
[Black "Du, Yuxin"]
[Result "1/2-1/2"]
[WhiteElo "2005"]
[BlackElo "1989"]
[PlyCount "83"]
[EventDate "2024.11.12"]
[EventType "swiss (rapid)"]
[EventRounds "9"]
[EventCountry "CHN"]
[SourceTitle "CB49_2024"]
[SourceDate "2024.12.04"]
[SourceVersion "1"]
[SourceVersionDate "2024.12.04"]
[SourceQuality "1"]

1. e4 c6 2. d4 d5 3. e5 Bf5 4. h4 h5 5. Bd3 Bxd3 6. Qxd3 Qa5+ 7. c3 e6 8. Nf3 Qa6 9. Qxa6 Nxa6 10. Bg5 c5 11. Nbd2 Ne7 12. Bxe7 Bxe7 13. g3 0-0 14. 0-0 Rac8 15. Nb3 cxd4 16. Nfxd4 Nc5 17. Nxc5 Bxc5 18. Rad1 a6 19. Kg2 b5 20. a3 g6 21. Kh3 Kg7 22. f3 Bxd4 23. Rxd4 Rc4 24. Rfd1 Rfc8 25. g4 hxg4+ 26. Kxg4 a5 27. f4 b4 28. cxb4 axb4 29. Rxc4 dxc4 30. axb4 Rb8 31. Rd2 Rxb4 32. Rc2 Kh6 33. Rh2 Rb3 34. h5 Rb4 35. hxg6+ Kxg6 36. Rc2 f6 37. exf6 Kxf6 38. Re2 Rb3 39. Rc2 Rb4 40. Re2 Rb3 41. Rc2 Rb4 42. Re2 1/2-1/2

[Event "CHN-ch Rapid (Women)"]
[Site "Hohhot"]
[Date "2024.11.12"]
[Round "4"]
[White "Bai, Xue"]
[Black "Zhang, Lanlin"]
[Result "1/2-1/2"]
[WhiteElo "2005"]
[BlackElo "2231"]
[PlyCount "117"]
[EventDate "2024.11.12"]
[EventType "swiss (rapid)"]
[EventRounds "9"]
[EventCountry "CHN"]
[SourceTitle "CB49_2024"]
[SourceDate "2024.12.04"]
[SourceVersion "1"]
[SourceVersionDate "2024.12.04"]
[SourceQuality "1"]

1. e4 d6 2. d4 Nf6 3. Bd3 g6 4. Nf3 Bg7 5. c4 0-0 6. Nc3 Nbd7 7. h3 e5 8. dxe5 dxe5 9. Be3 c6 10. Qd2 Qe7 11. 0-0-0 Nc5 12. Bc2 Be6 13. Qd6 Qxd6 14. Rxd6 Ncd7 15. b3 h6 16. Rhd1 Rfe8 17. Kb2 a6 18. R6d2 Rac8 19. c5 g5 20. Na4 Nf8 21. Nb6 Rb8 22. h4 gxh4 23. Nxh4 Ng4 24. Rd3 f5 25. g3 f4 26. gxf4 Nxe3 27. fxe3 exf4+ 28. Kb1 Bg4 29. Rg1 h5 30. Nf5 Rxe4 31. Nxg7 Kxg7 32. Nd7 Rbe8 33. Nxf8 Kxf8 34. exf4 Re1+ 35. Rxe1 Rxe1+ 36. Kb2 Rf1 37. Rd8+ Kf7 38. Rb8 h4 39. Rxb7+ Kg8 40. Bh7+ Kf8 41. Be4 Bf3 42. Bxf3 Rxf3 43. Rh7 Rxf4 44. Rh6 Kg7 45. Rxc6 h3 46. Rd6 h2 47. Rd1 Rg4 48. Rh1 Rg2+ 49. Ka3 Kf7 50. b4 Ke7 51. Kb3 Kd7 52. a4 Kc6 53. Kc4 Rg4+ 54. Kc3 Rg3+ 55. Kc4 Rg4+ 56. Kc3 Rg3+ 57. Kc4 Rg4+ 58. Kc3 Rg3+ 59. Kc4 1/2-1/2

[Event "Belt and Road op-A"]
[Site "Aksu"]
[Date "2024.10.19"]
[Round "5"]
[White "Zhang, Lanlin"]
[Black "Bai, Xue"]
[Result "1-0"]
[WhiteElo "2221"]
[BlackElo "2082"]
[PlyCount "125"]
[EventDate "2024.10.16"]
[EventType "swiss"]
[EventRounds "9"]
[EventCountry "CHN"]
[SourceTitle "CB43_2024"]
[Source "Chessbase"]
[SourceDate "2024.10.23"]
[SourceVersion "1"]
[SourceVersionDate "2024.10.23"]
[SourceQuality "1"]

1. e4 c5 2. Nf3 d6 3. d4 cxd4 4. Nxd4 Nf6 5. Nc3 g6 6. Be3 Bg7 7. f3 0-0 8. Qd2 Nc6 9. g4 Be6 10. Nxe6 fxe6 11. 0-0-0 Qc8 12. h4 Ne5 13. Be2 Nfd7 14. h5 Nc4 15. Bxc4 Qxc4 16. hxg6 hxg6 17. Rh3 Kf7 18. Bg5 Nb6 19. Rh7 Kg8 20. Rxg7+ Kxg7 21. Bh6+ Kg8 22. Bxf8 Rxf8 23. Qg5 Kf7 24. f4 Rh8 25. e5 dxe5 26. Qxe5 Rh4 27. Qg5 Rh7 28. Re1 Nd5 29. Nxd5 Qxd5 30. f5 gxf5 31. gxf5 Qxf5 32. Qg2 Qf4+ 33. Kb1 Rh2 34. Qxb7 Re2 35. Rc1 Qf2 36. Qh1 Qf5 37. Qg1 Rf2 38. a4 a5 39. Qe1 Rf4 40. b3 Rf3 41. Kb2 Qf6+ 42. Ka2 Qf5 43. Qe2 Qf4 44. Re1 Qf5 45. Kb2 Qf6+ 46. Qe5 Rf5 47. Qxf6+ exf6 48. b4 axb4 49. Ra1 Ra5 50. Kb3 Ra8 51. Kxb4 Rb8+ 52. Kc4 Ke7 53. a5 Kd6 54. a6 Rc8+ 55. Kb5 Kc7 56. Rh1 f5 57. Rh7+ Kb8 58. Kb6 f4 59. Rf7 e5 60. c4 Re8 61. c5 e4 62. c6 Ka8 63. Ra7+ 1-0

[Event "Belt and Road op-A"]
[Site "Aksu"]
[Date "2024.10.17"]
[Round "2"]
[White "Chen, Zhi"]
[Black "Bai, Xue"]
[Result "1/2-1/2"]
[WhiteElo "2209"]
[BlackElo "2082"]
[PlyCount "114"]
[EventDate "2024.10.16"]
[EventType "swiss"]
[EventRounds "9"]
[EventCountry "CHN"]
[SourceTitle "CB43_2024"]
[Source "Chessbase"]
[SourceDate "2024.10.23"]
[SourceVersion "1"]
[SourceVersionDate "2024.10.23"]
[SourceQuality "1"]

1. c4 e6 2. g3 Nf6 3. Bg2 d5 4. Nf3 Be7 5. 0-0 0-0 6. d3 Re8 7. Ne5 c5 8. e4 dxe4 9. dxe4 Qxd1 10. Rxd1 Nfd7 11. Nxd7 Bxd7 12. Nc3 a6 13. Be3 Bc6 14. a4 a5 15. f4 Na6 16. e5 Bxg2 17. Kxg2 Red8 18. Ne4 b6 19. g4 Nb4 20. Kf3 f6 21. exf6 gxf6 22. Ng3 Kf7 23. f5 Bd6 24. fxe6+ Kxe6 25. Nf5 Be5 26. Bf4 Nd3 27. Bxe5 Nxe5+ 28. Kf4 Nxc4 29. b3 Ne5 30. h4 Rac8 31. Ng7+ Kf7 32. Nf5 Rb8 33. g5 Nd3+ 34. Ke3 Nb4 35. Ke4 fxg5 36. hxg5 Kg6 37. Rd6+ Rxd6 38. Nxd6 Kxg5 39. Ke5 Nc6+ 40. Ke6 Nd4+ 41. Kd7 Nxb3 42. Rg1+ Kf4 43. Kc7 Rh8 44. Kxb6 h5 45. Rf1+ Ke3 46. Nc4+ Ke2 47. Rh1 h4 48. Nxa5 Nxa5 49. Kxa5 c4 50. Kb4 Kd3 51. Rd1+ Kc2 52. Rh1 c3 53. Rh2+ Kd3 54. Rh3+ Kd4 55. Kb3 Rb8+ 56. Kc2 Rb2+ 57. Kc1 Kc4 1/2-1/2